|
|
|
|
| LEADER |
00000nam a2200000 a 4500 |
| 001 |
vtls001281035 |
| 003 |
SK-MaSNL |
| 005 |
20260301004310.0 |
| 008 |
240314s1957 xx 0 und |
| 035 |
|
|
|a SNK000232435
|
| 040 |
|
|
|a SNK
|b slo
|c SNK
|e AACR2
|
| 100 |
1 |
|
|a Štěpina, Jaroslav
|4 aut
|9 286936
|
| 245 |
1 |
0 |
|a Jednofázové indukční motory
|
| 260 |
|
|
|a Praha
|b Státní nakladatelství technické literatury
|c 1957
|
| 300 |
|
|
|a 198 s.
|
| 999 |
|
|
|c 541721
|d 543651
|
| 952 |
|
|
|t P60, <04>, [BOOK], {604}
|a SNK
|b SNK
|y VYP
|7 0
|p 17A0056965
|o snkIC 19788
|0 0
|1 0
|4 0
|d 1997-03-24
|l 0
|r 2005-01-02 00:00:00
|w 2026-02-23
|
| 952 |
|
|
|a SNK
|b SNK
|y NEVYP
|7 0
|p 17A0688135
|o snkIC 19788 D1
|i snkKIP 836/58
|3 rekatalogizácia
|0 0
|1 0
|4 0
|d 2011-03-09
|l 0
|r 2026-02-23 12:42:49
|w 2026-02-23
|